Centro Astronómico Clavius de la Ibero : una historia /

Obra conmemorativa que narra la historia del Centro Astronómico Clavius desde sus orígenes en 1963 hasta su consolidación como referente en divulgación astronómica en 2001. Destaca la tradición jesuita en la astronomía y la participación de la comunidad universitaria.

-д хадгалсан:
Номзүйн дэлгэрэнгүй
Үндсэн зохиолч: Arias Montaño, Lorena (autor)
Бусад зохиолчид: Martínez Avilés, Gerardo (autor) (autor)
Формат: Ном
Хэл сонгох:испани
Хэвлэсэн: México : Universidad Iberoamericana Ciudad de México, 2025, c2025
Нөхцлүүд:
Шошгууд: Шошго нэмэх
Шошго байхгүй, Энэхүү баримтыг шошголох эхний хүн болох!

MARC

LEADER 00000nam^a2200000^a^4500
001 000623548
005 20251028000000.0
009 20260310133940.219
020 |a 978-607-2644-21-2 
037 |a Acervo ITESO - Biblioteca 
041 |a ESP 
082 |a 522. 1972532  |b ARI 
100 |a Arias Montaño, Lorena  |e (autor) 
245 1 0 |a Centro Astronómico Clavius de la Ibero :  |b una historia /  |c L. Arias Montaño, G. Martínez Avilés. 
264 4 |a México :  |b Universidad Iberoamericana Ciudad de México,  |c 2025, c2025 
300 |a 100 p. 
336 |a texto  |b txt  |2 rdacontenido 
337 |a sin mediación  |b n  |2 rdamedio 
338 |a volumen  |b nc  |2 rdasoporte 
520 |a Obra conmemorativa que narra la historia del Centro Astronómico Clavius desde sus orígenes en 1963 hasta su consolidación como referente en divulgación astronómica en 2001. Destaca la tradición jesuita en la astronomía y la participación de la comunidad universitaria. 
649 |a XX 
650 |a Observatorios Astronómicos -  |z México (Ciudad) -  |x Historia -  |x Tema Principal 
650 |a Observatorios Astronómicos -  |z México -  |x Historia 
650 |a Astronomía -  |z México (Ciudad) -  |x Historia 
650 |a Astronomía -  |z México -  |x Historia 
650 |a Astronomía -  |x Observaciones 
650 |a Astronomía 
650 |a Ciencias Espaciales 
700 |a Martínez Avilés, Gerardo  |e (autor) 
910 |a Fondo General 
920 |a Impresos - Libros 
930 |a Colección General 
905 |a 101 
901 |a 623548-10  |b IT1  |c ACC  |i D132071  |u 20251028 
902 |a https://opac.biblio.iteso.mx/vufind/Record/000623548